Una aproximación al arte frívolo (Record no. 24984)
[ view plain ]
| 000 -LEADER | |
|---|---|
| campo de control de longitud fija | 01059nam a2200277 i 4500 |
| 001 - NÚMERO DE CONTROL | |
| campo de control | 24984 |
| 003 - IDENTIFICADOR DE NÚMERO DE CONTROL | |
| campo de control | ES-MaACL |
| 005 - FECHA Y HORA DE LA ÚLTIMA TRANSACCIÓN | |
| campo de control | 20250630161613.0 |
| 007 - CAMPO FIJO DE DESCRIPCIÓN FÍSICA--INFORMACIÓN GENERAL | |
| campo de control de longitud fija | t| |
| 008 - DATOS DE LONGITUD FIJA--INFORMACIÓN GENERAL | |
| campo de control de longitud fija | 021219s1988 sp a |||| |dspa d |
| 020 ## - NÚMERO INTERNACIONAL ESTÁNDAR DEL LIBRO | |
| Número Internacional Estándar del Libro | 84-451-0082-3 |
| 080 ## - NÚMERO DE LA CLASIFICACIÓN DECIMAL UNIVERSAL | |
| Número de la Clasificación Decimal Universal | 792.7 Valencia, Tórtola (064.3) |
| 080 ## - NÚMERO DE LA CLASIFICACIÓN DECIMAL UNIVERSAL | |
| Número de la Clasificación Decimal Universal | 74 Zamora, José de (064.3) |
| 245 04 - MENCIÓN DEL TÍTULO | |
| Título | Una aproximación al arte frívolo |
| Resto del título | : Tórtola Valencia y José de Zamora : Teatro Albéniz, diciembre 1988-enero 1989 / |
| Mención de responsabilidad, etc. | coordinación, documentación y catalogación, Andrés Pelaéz y Fernanda Andura. |
| 260 ## - PUBLICACIÓN, DISTRIBUCIÓN, ETC. | |
| Lugar de publicación, distribución, etc. | Madrid : |
| Nombre del editor, distribuidor, etc. | Consejería de Cultura, |
| Fecha de publicación, distribución, etc. | 1988. |
| 300 ## - DESCRIPCIÓN FÍSICA | |
| Extensión | 165 p. : |
| Otras características físicas | il. col. y n. ; |
| Dimensiones | 27 cm. |
| 600 14 - PUNTO DE ACCESO ADICIONAL DE MATERIA--NOMBRE DE PERSONA | |
| Nombre de persona | Valencia, Tórtola- |
| Subdivisión de forma | Exposiciones. |
| 9 (RLIN) | 147837 |
| 600 14 - PUNTO DE ACCESO ADICIONAL DE MATERIA--NOMBRE DE PERSONA | |
| Nombre de persona | Zamora, José ( |
| Fechas asociadas al nombre | 1889-1971)- |
| Subdivisión de forma | Exposiciones. |
| 9 (RLIN) | 158717 |
| 655 #7 - TERMINO DE INDIZACIÓN--GENERO/FORMA | |
| Fuente del término | tgfbne |
| 9 (RLIN) | 193628 |
| Datos o término principal de género/forma | Catálogos de exposiciones |
| 700 1# - ENTRADA AGREGADA--NOMBRE PERSONAL | |
| Nombre de persona | Peláez, Andrés, |
| Fechas asociadas al nombre | 1968- |
| 9 (RLIN) | 173171 |
| 700 1# - ENTRADA AGREGADA--NOMBRE PERSONAL | |
| Nombre de persona | Andura, Fernanda. |
| 9 (RLIN) | 21688 |
| 710 2# - ENTRADA AGREGADA--NOMBRE DE ENTIDAD CORPORATIVA | |
| Nombre de entidad corporativa o nombre de jurisdicción como elemento de entrada | Teatro Albéniz (Madrid) |
| 9 (RLIN) | 147838 |
| 852 ## - LOCALIZACIÓN | |
| Ubicación | ES-MaACL |
| Número de control de estantería | L-13234 |
| 942 ## - ELEMENTOS DE ENTRADA SECUNDARIOS (KOHA) | |
| Fuente del sistema de clasificación o colocación | Clasificación decimal universal |
| Estatus retirado | Estado de pérdida | Estado de daño | No para préstamo | Biblioteca de origen | Biblioteca actual | Ubicación en estantería | Fecha de adquisición | Fuente de adquisición | Total de préstamos | Signatura topográfica completa | Código de barras | Visto por última vez | Precio de reemplazo | Tipo de ítem Koha |
|---|---|---|---|---|---|---|---|---|---|---|---|---|---|---|
| Biblioteca del Ateneo de Madrid | Biblioteca del Ateneo de Madrid | Depósito 2 | 17/01/2008 | L-13234 | 1025759 | 23/02/2023 | 23/02/2023 | Libro impreso |
